000
00301nam a2200121Ia 4500
008
190216s9999||||xx |||||||||||||| ||und||
100
_a
Vasudeva Menon Pattathil
245
0
_a
Chittum Chikidayum
260
_b
Poorna Pubs Kozhikode
_c
1987
300
_a
92
650
_a
Malayalam Kathakal
942
_c
BK
999
_c
28209
_d
28209